00493cam a2200193 a 45000010009000000050017000090080041000260100017000670200027000840400018001110410008001290420008001370800016001450820020001611000007001811010008001882450039001965040064002351234586720180314085049.0010313s2001 nyua b 001 0 eng  a 2001026022 a0670030260 (hardcover) aDLCcDLCdDLC aeng apcc a751.409 HOC00a751.409 HOC2211 a44 aART10aSecret knowledge :cDavid Hockney. aIncludes bibliographical references (p. 287-289) and index.